• 首页
  • 本馆介绍
  • 公告通知
  • 最新文献
  • 馆藏检索
  • 电子资源
  • 读者导购
  • 参考咨询
  • 我的图书馆
  • 登录
  • 详细信息显示
  • 放入我的书架
  • 预约/预借图书
  • 作者相关作品
  • 分类相关作品
  • 丛书相关作品
  • 出版社相关作品

书目信息

  • 表格格式
  • 工作单格式
  • 卡片格式
题名:
盖医师十二经脉养生法
    
 
作者: 盖亚男 著
分册:  
出版信息: 天津   天津教育出版社  2009
页数: 261页
开本: 25cm
丛书名:
单 册:
中图分类: R224.1 , R212
科图分类:
主题词: 十二经脉--养生(中医)--基本知识 , 十二经脉 , 养生(中医)
电子资源:
ISBN: 978-7-5309-5543-7
000 00961nam0 2200277 45
001 1029511042
005 20100428095537.40
010    @a978-7-5309-5543-7@dCNY26.00
100    @a20100426d2009 em y0chiy50 ea
101 0  @achi
102    @aCN@b120000
105    @aa z 000yy
106    @ar
200 1  @a盖医师十二经脉养生法@AGai Yi Shi Shi Er Jing Mai Yang Sheng Fa@f盖亚男著@FGai Ya Nan Zhu
210    @a天津@c天津教育出版社@d2009
215    @a261页@c插图@d25cm
300    @a弘文生活馆 名家谈养生
330    @a本书作者结合多年中西医治疗经验,将十二经脉经典理论与现代医学成果有机结合起来,形成一套独特的经脉养生方案。并针对日常为人们所忽视的亚健康状态和隐性疾病,提出了独特观点和行之有效的对策。
606 0  @a十二经脉@x养生(中医)@x基本知识
606 0  @a十二经脉
606 0  @a养生(中医)
690    @aR224.1@v4
690    @aR212@v4
701  0 @a盖亚男@AGai Ya Nan@4著
801  0 @aCN@bTANGWEI@c20100428
905    @b0596553-57@dR224.1@e264@f5
    
    盖医师十二经脉养生法/盖亚男著.-天津:天津教育出版社,2009
    261页:插图;25cm
    弘文生活馆 名家谈养生
    
    ISBN 978-7-5309-5543-7:CNY26.00
    本书作者结合多年中西医治疗经验,将十二经脉经典理论与现代医学成果有机结合起来,形成一套独特的经脉养生方案。并针对日常为人们所忽视的亚健康状态和隐性疾病,提出了独特观点和行之有效的对策。
●
相关链接 在E读中查询图书 在五车中查询图书 在当当中查询图书 在豆瓣中查询图书


正题名:盖医师十二经脉养生法     索取号:R224.1/264         预约/预借

序号 登录号 条形码 馆藏地/架位号 状态 备注
1 0596553   205965534   第二样本阅览室/ [索取号:R224.1/264] 在馆    
2 0596554   205965543   第三借阅区/ [索取号:R224.1/264] 在馆    
3 0596555   205965552   第三借阅区/ [索取号:R224.1/264] 在馆    
4 0596556   205965561   第三借阅区/ [索取号:R224.1/264] 在馆    
5 0596557   205965570   第三借阅区/ [索取号:R224.1/264] 在馆    
唐山师范学院图书馆 欢迎您!
大连网信软件有限公司© 版权所有